000 00181 a2200097 4500
020 _a9780761423607
041 _aspa
100 _aGordon, Sharon
245 _aCompartimos
942 _cBK
999 _c9501
_d9501